Focus (Record no. 83405)

MARC details
000 -LEADER
fixed length control field 01119cab a22002055a 4500
001 - CONTROL NUMBER
control field L153855
008 - FIXED-LENGTH DATA ELEMENTS--GENERAL INFORMATION
fixed length control field 110913e20110910xxk 000 0 eng d
035 ## - SYSTEM CONTROL NUMBER
System control number (Sirsi) u153855
041 0# - LANGUAGE CODE
Language code of text/sound track or separate title eng
100 1# - MAIN ENTRY--PERSONAL NAME
Personal name Cunningham, Daniel
245 00 - TITLE STATEMENT
Title Focus
Medium Manchester
260 ## - PUBLICATION, DISTRIBUTION, ETC.
Date of publication, distribution, etc. 2011
490 ## - SERIES STATEMENT
Series statement Estates Gazette
Volume/sequential designation (1136) 10 September 2011, 75-85(9)
520 ## - SUMMARY, ETC.
Summary, etc. Ongoing development schemes in Manchester include One St Peter's Square partly prelet to KPMG and Co-operative Group's NOMA regeneration scheme which includes a new HQ building. Redundancies in the agency sector are predicted due to number of recent mergers such as Jones Lang Lasalle and King Surge. Market in numbers looks at office and industrial take up, availability and rents in Manchester city centre, South Manchester, Salford Quays and Old Trafford. Concludes with retails rents in Manchester, Stockport, Bolton, Bury, Oldham, Wigan, Rochdale and Salford and a market health check.
590 ## - LOCAL NOTE (RLIN)
Local note KA
651 #4 - SUBJECT ADDED ENTRY--GEOGRAPHIC NAME
Geographic name GREATER MANCHESTER
690 ## - LOCAL SUBJECT ADDED ENTRY--TOPICAL TERM (OCLC, RLIN)
Topical term or geographic name as entry element PROPERTY-COMMERCIAL PROPERTY-COMMERCIAL PROPERTY MARKET
700 1# - ADDED ENTRY--PERSONAL NAME
Personal name Thame, David
942 ## - ADDED ENTRY ELEMENTS (KOHA)
Suppress in OPAC 0
Holdings
Withdrawn status Lost status Source of classification or shelving scheme Damaged status Not for loan Home library Current library Shelving location Date acquired Total Checkouts Full call number Barcode Date last seen Copy number Price effective from Koha item type
    Dewey Decimal Classification     London London Journal article 13/09/2011   L153855 153855-3001 06/08/2019 1 06/08/2019 Journal article